Sequential analysis

Збережено в:
Бібліографічні деталі
Автор: Wald, Abraham (Автор)
Формат: Книга
Мова:Англійська
Опубліковано: Nueva York John Wiley 1947
Серія:Wiley mathematical statistics series
Предмети:
Теги: Додати тег
Немає тегів, Будьте першим, хто поставить тег для цього запису!

MARC

LEADER 00000nam a2200000 a 4500
001 UCW1251
003 CL-VaPUC
008 911218e19470000US |||||||||||||||||eng|d
082 0 4 |a 519.4  |b WAL  |2 21 
100 0 |a Wald, Abraham  |e author  |9 305167 
245 1 0 |a Sequential analysis 
300 |a 212 p 
942 |c BK 
945 |d 19911218 00:00:00 
260 |a Nueva York  |b John Wiley  |c 1947 
650 0 |a Análisis secuencial  |9 270666 
583 |a last modification  |c 19911218 00:00:00  |k Rodrigo Vera 
490 0 |a Wiley mathematical statistics series 
999 |c 216170  |d 216168 
952 |0 0  |1 0  |4 0  |6 519_400000000000000_WAL_1947  |7 0  |8 A  |9 201663  |a BIBMAT  |b BIBMAT  |d 2019-11-14  |i 2689146  |o 519.4 WAL 1947  |p 2689146  |r 2025-01-07  |w 2019-11-14  |y BK  |k MAT